Countries that Beat Saudi Arabia - Oil & Gas Edition - Statistics

General Stats
  • This quiz has been taken 152 times
  • The average score is 14 of 20
Answer Stats
Rank Category Countries % Correct
3 Biggest crude oil production United States | Russia
98%
6 Highest oil consumption United States | China | India | Japan | Russia
94%
3 Highest change CO2 emissions (2000-2019) China | India
84%
4 Biggest crude oil production per capita Kuwait | Qatar | United Arab Emirates
84%
8 Highest natural gas production United States | Russia | Qatar | Iran | Canada | China | Norway
81%
10 Highest CO2 emissions China | United States | India | Russia | Japan | Germany | Iran | South Korea | Indonesia
80%
6 Most proven natural gas reserves Russia | Iran | Turkmenistan | Qatar | United States
80%
7 Most oil export dependent in Asia Iraq | Azerbaijan | Turkmenistan | Brunei | Kuwait | Qatar
78%
4 Cheapest oil production cost Iran | Iraq | Russia
77%
8 Highest CO2 emissions per capita Palau | Qatar | Trinidad and Tobago | Kuwait | United Arab Emirates | Bahrain | Oman
75%
4 Highest natural gas production which is not in the GECF United States | Canada | China
75%
2 Most proven oil reserves Venezuela
74%
5 Most populated in the OPEC Iraq | Iran | Nigeria | Algeria
72%
5 Most cars starting with S Spain | South Korea | South Africa | Syria
64%
3 Most guessed at COTW quiz of the OPEC Iran | Iraq
62%
5 Cheapest gasoline Venezuela | Iran | Cuba | Sudan
60%
3 Starting with S with the highest CO2 emissions in 1980 South Africa | Spain
48%
2 Biggest in the OPEC Algeria
47%
2 Oil company with the highest revenue China
47%
2 Biggest crude oil production in 1980 * USSR
40%
No matching quizzes found
Score Distribution
Percent of People with Each Score
Percentile by Number Answered
Your Score History
You have not taken this quiz